Statistiques concernant Clubs Football Pro Londres

Cliquez ici pour prendre le quiz!

Statistiques générales

  • Ce quiz a été pris 1 028 fois
  • Le résultat moyen est 5 sur 12

Statistiques - réponses

Réponse% Correct
Chelsea FC
97%
Arsenal FC
94%
Tottenham Hotspur
81%
West Ham United
70%
Crystal Palace
45%
Fulham
45%
Brentford
28%
Queens Park Rangers
18%
Millwall
13%
AFC Wimbledon
9%
Charlton Athletic
8%
Barnet
1%

Distribution des résultats

Percentile par nombre de réponses

% des personnes avec chaque résultat

Votre développement - résultats

Vous n’avez pas pris ce quiz